Himpunan kisah-kisah teladan 2

Bibliographic Details
Format: Book
Published: Kuala Lumpur : Syarikat Nurulhas , 2002
Edition:Book 2
Subjects:

MARC

LEADER 00000cam a2200000 7i4500
001 0000027244
005 20091020.0
008 090824
020 |a 9838380857 
090 0 0 |a 297.1228   |b HIM 
245 1 0 |a Himpunan kisah-kisah teladan 2 
250 |a Book 2 
260 |a Kuala Lumpur :   |b Syarikat Nurulhas ,   |c 2002 
650 0 |a Islamic stories, Malay 
650 0 |a Koran stories, Malay 
999 |a 0001058651   |b Book   |c Adult Collection   |e Perbadanan Perpustakaan Awam Johor 
999 |a 0001058652   |b Book   |c Adult Collection   |e Cawangan AEON Kulaijaya 
999 |a 0001058653   |b Book   |c Adult Collection   |e Perbadanan Perpustakaan Awam Johor 
999 |a 0001058654   |b Book   |c Adult Collection   |e Perbadanan Perpustakaan Awam Johor